Introduction to continuum mechanics / (Record no. 15222)

MARC details
000 -LEADER
fixed length control field 00922cam a22002771i 4500
001 - CONTROL NUMBER
control field 15484876
003 - CONTROL NUMBER IDENTIFIER
control field EG-ScBUE
005 - DATE AND TIME OF LATEST TRANSACTION
control field 20250515083222.0
008 - FIXED-LENGTH DATA ELEMENTS--GENERAL INFORMATION
fixed length control field 081015s2009 nyua f b 001 0 eng d
020 ## - INTERNATIONAL STANDARD BOOK NUMBER
International Standard Book Number 0521875625
020 ## - INTERNATIONAL STANDARD BOOK NUMBER
International Standard Book Number 9780521875622
040 ## - CATALOGING SOURCE
Original cataloging agency EG-ScBUE
Language of cataloging eng
Description conventions rda
Transcribing agency EG-ScBUE
Modifying agency EG-ScBUE
082 04 - DEWEY DECIMAL CLASSIFICATION NUMBER
Classification number 531
Edition number 22
Item number NAI
100 1# - MAIN ENTRY--PERSONAL NAME
Personal name Nair, Sudhakar,
Dates associated with a name 1944-
Relator term author.
9 (RLIN) 23500
245 10 - TITLE STATEMENT
Title Introduction to continuum mechanics /
Statement of responsibility, etc Sudhakar Nair, Illinois Institute of Technology.
246 30 - VARYING FORM OF TITLE
Title proper/short title Continuum mechanics
264 #1 - PUBLICATION, DISTRIBUTION, ETC. (IMPRINT)
Place of publication, distribution, etc New York :
Name of publisher, distributor, etc Cambridge University Press,
Date of publication, distribution, etc 2009.
300 ## - PHYSICAL DESCRIPTION
Extent xii, 237 pages :
Other physical details illustrations ;
Dimensions 27 cm
336 ## - CONTENT TYPE
Source rdacontent
Content type term text
Content type code txt
337 ## - MEDIA TYPE
Media type term unmediated
Source rdamedia
Media type code n
338 ## - CARRIER TYPE
Carrier type term volume
Carrier type code nc
Source rdacarrier
504 ## - BIBLIOGRAPHY, ETC. NOTE
Bibliography, etc Includes bibliographical references and index.
650 #7 - SUBJECT ADDED ENTRY--TOPICAL TERM
Topical term or geographic name as entry element Continuum mechanics.
9 (RLIN) 23501
Source of heading or term BUEsh
655 ## - INDEX TERM--GENRE/FORM
Form subdivision Reading book
942 ## - ADDED ENTRY ELEMENTS (KOHA)
Source of classification or shelving scheme Dewey Decimal Classification
Koha item type Book - Borrowing
Holdings
Withdrawn status Lost status Source of classification or shelving scheme Damaged status Not for loan Collection code Home library Current library Shelving location Date acquired Source of acquisition Cost, normal purchase price Serial Enumeration / chronology Total Checkouts Total Renewals Full call number Barcode Date last seen Date checked out Price effective from Koha item type
    Dewey Decimal Classification     Arab Oasis Central Library Central Library First floor 28/04/2011 Purchase 240.00 72 1 6 531 NAI 000023451 15/07/2025 07/03/2012 28/04/2011 Book - Borrowing